000 00302nam a2200121Ia 4500
005 20251222152654.0
008 251222s9999||||xx |||||||||||||| ||spa||
020 _a8430916520
082 _a340.1/P59
100 _aPiñar Mañas, José Luis
245 0 _aLegislación sobre Funcionarios:
942 _cLIB
999 _c28564
_d28564